LEADER 01029nam0-2200373---450- 001 990008455080403321 005 20150508180833.0 010 $a0.415.252164 010 $a0415252156 035 $a000845508 035 $aFED01000845508 035 $a(Aleph)000845508FED01 035 $a000845508 100 $a20070122d2004----km-y0itay50------ba 101 0 $aeng 102 $aGB 105 $aaf------001yy 200 1 $aAt risk$enatural hazards, people's vulnerability and disasters$fBen Wisner ... [et al.] 205 $a2nd edition 210 $aLondon ; New York$cRoutledge$dc2004 215 $aXIX, 471 p.$cill.$d24 cm 225 1 $aGeography, development environment 610 0 $aDisastri naturali 676 $a363.34$v22$zita 702 1$aWisner,$bBen 801 0$aIT$bUNINA$gRICA$2UNIMARC 901 $aBK 912 $a990008455080403321 952 $aA2 SOP I 12$b04029$fDINST 952 $a363.34 WIS 1$b1622$fBFS 959 $aDINST 959 $aBFS 996 $aAT risk$9635705 997 $aUNINA LEADER 01704nam 2200397Ia 450 001 996386630303316 005 20221108032945.0 035 $a(CKB)1000000000614470 035 $a(EEBO)2240910828 035 $a(OCoLC)9920451800971 035 $a(EXLCZ)991000000000614470 100 $a19950918d1551 uy | 101 0 $aeng 135 $aurbn||||a|bb| 200 12$aA proclamacion, set furthe by the Kynges Maiestie, with the aduise of his highnes most honorable priuie counsail, in the v. yere of his highnes most prosperous reigne, for the prices of victualles$b[electronic resource] 210 $a[London] $cRichardus Grafton typographus Regius excudebat$dM. D. LI. [1551] 215 $a3 leaves 300 $aImprint from colophon. 300 $aContains woodcut initial. 300 $a"Cum priuilegio ad imprimendum solum." 300 $aReproduction of original in: Society of Antiquaries. 330 $aeebo-0147 606 $aFood prices$xLaw and legislation$zEngland$vEarly works to 1800 606 $aPrices$xGovernment policy$zEngland$vEarly works to 1800 607 $aGreat Britain$xCommerce$vEarly works to 1800 607 $aGreat Britain$xHistory$yEdward VI, 1547-1553 615 0$aFood prices$xLaw and legislation 615 0$aPrices$xGovernment policy 701 $aEdward$cKing of England,$f1537-1553.$01002269 801 0$bEBK 801 1$bEBK 801 2$bWaOLN 906 $aBOOK 912 $a996386630303316 996 $aA proclamacion, set furthe by the Kynges Maiestie, with the aduise of his highnes most honorable priuie counsail, in the v. yere of his highnes most prosperous reigne, for the prices of victualles$92388918 997 $aUNISA